000 00239nam a2200097Ia 4500
008 170619s9999 xx 000 0 und d
100 _aPANDEY- O N
245 0 _aINSTRUMENTATION AND PROCESS CONTROL
260 _bDELHI; S K KATARIA
260 _c2008
546 _aENGLISH
999 _c18557
_d18557